00571nam a22001337a 4500008004100000082002200041100000800063245019500071260003500266300000800301942001200309999001500321952010100336230612b xxu||||| |||| 00| 0 eng d a352.12520912bKEN cGOK a2007/2008 District Allocation Budget of the Ministry of state, Provisional Administration and Internal Security for the Year Ending 30th June, 2008bVote R01 and D01cOffice of the president aNairobi, KenyabGOKcJune 2008 a69p 2ddccBK c1006d1006 00102ddc4070a001b001d2023-06-12l0o352.12520912 KENp10015344r2023-06-12w2023-06-12yBK